000
00272nam a22001217a 4500
082
_a
823
_b
GOP/S
100
_a
NAIR, GOPALAN V
245
_a
THE STORY OF MAHABARATA
260
_a
DELHI
_b
ORIENT LONGMAN
_c
1968
300
_a
128
650
_a
ENGLISH STORY
_z
INDIA
942
_c
BK
999
_c
7389
_d
7389